000 01029nam a2200289 i 4500
001 000013923
003 DO-SdBNP
005 20260601150009.0
007 ta
008 091202s1990 pr ac 000 0 spa d
040 _aDO-SdBNP
_bspa
_cBNPHU
_erda
041 _aspa
082 4 _axxx
_bxxx
_222
100 1 _aFerrer Canales, José,
_eautor
_4aut.
_98037
245 1 0 _aMartí y Hostos /
_bJosé Ferrer Canales ; presentación, Julio César López
250 _aprimera edición
264 4 _aSan Juan, Puerto Rico :
_bInstituto de Estudios Hostosianos :
_bCentro de Estudios Avanzados de Puerto Rico y el Caribe,
_c©1990.
300 _a197 páginas :
_bilustraciones y retratos ;
_c24 cm.
336 _atexto
_btxt
_2rdacontent
337 _asin mediación
_bn
_2rdamedia
338 _avolumen
_bnc
_2rdacarrier
500 _aIncluye referencias bibliográficas y notas al pie de las páginas
590 _aInventariado, 2024/BT
700 1 _aLópez, Julio César,
_epresentación
_99028
910 _aYL
942 _2ddc
_cLBS1
999 _c13528
_d13528